00270nam a2200097Ia 4500008004100000082001900041100002100060245005000081260003200131300000900163210430s9999 xx 000 0 und d a344.041S9411 M aB V Subrahmanyam aModis Medical JurisprudencecB V Subrahmanyam aIslamabadbAllah Walac1999 a587p